| 000 | 00924nam a2200253 i 4500 | ||
|---|---|---|---|
| 001 | 78288 | ||
| 003 | ES-MaACL | ||
| 005 | 20250817210225.0 | ||
| 007 | t| | ||
| 008 | 041013s1981 sp ||||1| cat d | ||
| 100 | 1 |
_aNovalis. _986059 |
|
| 245 | 1 | 0 |
_aNovel-les i narracions romantiques / _cNovalis, Heinrich von Kleist ; traduccions de Joan Maragall, Ernest Martínez Ferrando i Manuel Carbonell. |
| 250 | _a[1ª ed.]. | ||
| 260 |
_aBarcelona : _bEdicions 62, _c[1981] |
||
| 300 |
_a299 p. ; _c20 cm. |
||
| 490 | 1 |
_aLes millors obres de la literatura catalana ; _v4 |
|
| 700 | 1 |
_aMartínez Ferrando, Ernest, _d1891-1965 _978083 |
|
| 700 | 1 |
_aCarbonell, Manuel. _935050 |
|
| 700 | 1 |
_aMaragall, Joan, _d1860-1911 _9152432 |
|
| 700 | 0 |
_aKleist, Heinrich von. _968238 |
|
| 830 | 0 |
_aLes millors obres de la literatura catalana ; _v4 _9181455 |
|
| 852 |
_aES-MaACL _jL-1524 _bR.101941 |
||
| 999 |
_c78288 _d78288 |
||